000 00833nam a22002537a 4500
001 113782
003 DR-UNIBE
005 20250701132024.0
008 250625b2018 dr ||||| |||| 00| 0 spa d
040 _aBIBLIOTECA UNIBE
_bspa
_cBIBLIOTECA UNIBE
_erda
041 _aspa
082 _aF-RD 5977
245 1 0 _aEstrategia nacional de cultura de paz :
_bescuelas por una cultura de paz
260 _aSanto Domingo :
_bFondo de las Naciones Unidas para la Infancia (UNICEF),
_c2018
300 _a49 páginas
650 7 _2lemb
_aEscuelas
650 7 _2lemb
_aEducación
650 7 _2lemb
_aPadres
_955417
653 _aDocentes
700 1 _aPérez Jiménez, Minerva R
_ecoordinador
_915376
700 1 _aDe Marchena Pujols, Carmen Rosa
_ediseñador
_9196851
700 1 _aGómez, Victor
_ecorrector
_9196850
942 _2ddc
_cMX
999 _c113782
_d113782